000 00395nam a2200109Ia 4500
008 160909s9999 xx 000 0 und d
100 _aCaceres, Sergio.
245 _aSchool principals' perception of the impact of cultural collision and collusion on Latino males
260 _bFordham University
_c2016
650 _aEDUC/SPED
856 _uhttp://pqdtopen.proquest.com/doc/1759630484.html?FMT=ABS
999 _c305079
_d305079